Normal view
MARC view
- Rehman,Ahmed Ur, Khalid,Fatima & Khan, Zain Ul Islam
Entry Personal Name
001 - CONTROL NUMBER
- control field: 4910
003 - CONTROL NUMBER IDENTIFIER
- control field: NUST
005 - DATE AND TIME OF LATEST TRANSACTION
- control field: 20170922160205.0
008 - FIXED-LENGTH DATA ELEMENTS
- fixed length control field: 170922|| aca||aabn | a|a d
040 ## - CATALOGING SOURCE
- Original cataloging agency: NUST
- Transcribing agency: NUST
100 ## - HEADING--PERSONAL NAME
- Personal name: Rehman,Ahmed Ur, Khalid,Fatima & Khan, Zain Ul Islam
670 ## - SOURCE DATA FOUND
- Source citation: Work cat.: (NUST): Rehman,Ahmed Ur, Khalid,Fatima & Khan, Zain Ul Islam, Willingness to pay for gated communities: what factor motivate preference Bahria town and DHA Islamabad/Rawalpindi case study compared to non-gated communities in Islamabad & Rawalpindi, 2017
